000 pam a22 a 4500
999 _c4619
_d4619
003 AKMAL
005 20170607093958.0
008 141016s2015 my a g 000 0 may
020 _a9789675391392
_qpaperback
_cRM39.90
040 _cAKMAL
082 0 4 _a305.89923 SRI
_223
090 0 0 _a305.89923
_bSRI
100 0 _aSrikandi, al-Semantani Ibnu Rusydi,
_eauthor.
_98898
245 1 0 _aMEMBONGKAR RAHSIA DUNIA MELAYU :
_bPRIBUMI ASIA TENGGARA MENJAWAB KEKELIRUAN SEJARAH /
_cSrikandi, Al-Semantani, Ibnu Rusydi
264 1 _aPetaling Jaya, Selangor :
_bHijjaz Record Publishing,
_c2015
300 _axv, 303 pages :
_bcolour illustrations ;
_c21 cm
336 _atext
_2rdacontent
337 _aunmediated
_2rdamedia
338 _avolume
_2rdacarrier
650 1 0 _aMalays
_xHistory
_93046
650 2 0 _aMalays
_xSocial conditions
_92948
650 2 0 _aMalays
_xPolitics and government
_92947
942 _2ddc
_cBOOK